Statistiques concernant Pays les plus proches de Singapour

Cliquez ici pour prendre le quiz!

Statistiques générales

  • Ce quiz a été pris 189 fois
  • Le résultat moyen est 18 sur 20

Statistiques - réponses

kmpays% Correct
1961Chine
99%
6Indonésie
98%
1Malaisie
98%
998Cambodge
96%
1240Inde
96%
1406Laos
96%
797Viêt Nam
96%
524Thaïlande
94%
1109Birmanie
93%
1598Philippines
90%
2494Sri Lanka
89%
3243Népal
88%
3090Bhoutan
87%
3269Japon
85%
2908Taïwan
84%
1165Brunei
83%
2514Timor-Leste
83%
2472Bangladesh
82%
2803Australie
79%
3346Maldives
74%

Distribution des résultats

Percentile par nombre de réponses

% des personnes avec chaque résultat

Votre développement - résultats

Vous n’avez pas pris ce quiz